La societe francaise du XVIe siecle au XXe siecle.

Guardado en:
Detalles Bibliográficos
Autor principal: Du Bled, Victor
Formato: Libro
Lenguaje:English
Publicado: Paris : Perin, 1900-1913.
Materias:
LEADER 02232nam a2200409 i 4500
001 c000129223
003 CARM
005 00000000000000.0
008 850226s1900 fr 0 eng d
019 1 |a 10224898  |5 LACONCORD2021 
035 |a (OCoLC)12001007  |5 LACONCORD2021 
100 2 |a Du Bled, Victor. 
245 1 0 |a La societe francaise du XVIe siecle au XXe siecle. 
260 |a Paris :  |b Perin,  |c 1900-1913. 
300 |a 9 v. 
500 |a Volume 2 author's autograph presentation copy. 
651 0 |a France  |x Social life and customs. 
651 0 |a France  |x Court and courtiers. 
852 8 |b CARM  |h A2:AE14G0  |i A00331  |p 0054703  |f BK 
852 8 |b CARM  |h A2:AE14G0  |i A00331  |p 0054693  |f BK 
852 8 |b CARM  |h A2:AE14G0  |i A00331  |p 0054695  |f BK 
852 8 |b CARM  |h A2:AE14G0  |i A00331  |p 0054697  |f BK 
852 8 |b CARM  |h A2:AE14G0  |i A00331  |p 0054699  |f BK 
852 8 |b CARM  |h A2:AE14G0  |i A00331  |p 0054685  |f BK 
852 8 |b CARM  |h A2:AE14G0  |i A00331  |p 0054687  |f BK 
852 8 |b CARM  |h A2:AE14G0  |i A00331  |p 0054689  |f BK 
852 8 |b CARM  |h A2:AE14G0  |i A00331  |p 0054691  |f BK 
999 f f |i ae0cc947-6c2e-5c55-95b3-a251f35d6638  |s 23d19e82-c7ae-5622-918a-0ee81303b1ee 
952 f f |p Can circulate  |a CAVAL  |b CAVAL  |c CAVAL  |d CARM 1 Store  |e A00331  |f A2:AE14G0  |h Other scheme  |i book  |j v.3 held  |m 0054695 
952 f f |p Can circulate  |a CAVAL  |b CAVAL  |c CAVAL  |d CARM 1 Store  |e A00331  |f A2:AE14G0  |h Other scheme  |i book  |j v.8 held  |m 0054689 
952 f f |p Can circulate  |a CAVAL  |b CAVAL  |c CAVAL  |d CARM 1 Store  |e A00331  |f A2:AE14G0  |h Other scheme  |i book  |j v.9 held  |m 0054691 
952 f f |p Can circulate  |a CAVAL  |b CAVAL  |c CAVAL  |d CARM 1 Store  |e A00331  |f A2:AE14G0  |h Other scheme  |i book  |j v.2 held  |m 0054693 
952 f f |p Can circulate  |a CAVAL  |b CAVAL  |c CAVAL  |d CARM 1 Store  |e A00331  |f A2:AE14G0  |h Other scheme  |i book  |j v.5 held  |m 0054699 
952 f f |p Can circulate  |a CAVAL  |b CAVAL  |c CAVAL  |d CARM 1 Store  |e A00331  |f A2:AE14G0  |h Other scheme  |i book  |j v.4 held  |m 0054697 
952 f f |p Can circulate  |a CAVAL  |b CAVAL  |c CAVAL  |d CARM 1 Store  |e A00331  |f A2:AE14G0  |h Other scheme  |i book  |j v.7 held  |m 0054687 
952 f f |p Can circulate  |a CAVAL  |b CAVAL  |c CAVAL  |d CARM 1 Store  |e A00331  |f A2:AE14G0  |h Other scheme  |i book  |j v.6 held  |m 0054685 
952 f f |p Can circulate  |a CAVAL  |b CAVAL  |c CAVAL  |d CARM 1 Store  |e A00331  |f A2:AE14G0  |h Other scheme  |i book  |j v.1 held  |m 0054703